Vývojové trendy v poistnom krytí životných a neživotných rizík s podtitulom Poisťovníctvo v európskych dimenziách
Guardado en:
| Autor principal: | |
|---|---|
| Autor Corporativo: | |
| Otros Autores: | , , , , |
| Formato: | Libro |
| Lenguaje: | eslovaco |
| Publicado: |
Bratislava
Vydavateľstvo EKONÓM
2010
|
| Materias: | |
| Etiquetas: |
Sin Etiquetas, Sea el primero en etiquetar este registro!
|
MARC
| LEADER | 00000nam$a2200000$$$4500 | ||
|---|---|---|---|
| 001 | 0114671 | ||
| 005 | 20240614082808.9 | ||
| 020 | |a 978-80-225-2900-6 | ||
| 041 | 0 | |a slo | |
| 044 | |a SK | ||
| 245 | 1 | 0 | |a Vývojové trendy v poistnom krytí životných a neživotných rizík |b s podtitulom Poisťovníctvo v európskych dimenziách |c Anna Majtánová a kolektív |
| 264 | 1 | |a Bratislava |b Vydavateľstvo EKONÓM |c 2010 | |
| 300 | |a 192 s. [9,971 AH] | ||
| 610 | 2 | 0 | |a poisťovníctvo |
| 610 | 2 | 0 | |a poistenie |
| 610 | 2 | 0 | |a poistenie životné |
| 610 | 2 | 0 | |a riziko poistné |
| 610 | 2 | 0 | |a sprostredkovatelia |
| 610 | 2 | 0 | |a sprostredkovanie poistenia |
| 610 | 2 | 0 | |a poradenstvo finančné |
| 610 | 2 | 0 | |a legislatíva |
| 610 | 2 | 0 | |a poradcovia finanční |
| 610 | 2 | 0 | |a audit finančný |
| 610 | 2 | 0 | |a technológie informačné |
| 610 | 2 | 0 | |a technológie komunikačné |
| 610 | 2 | 0 | |a poisťovníctvo elektronické |
| 610 | 2 | 0 | |a WFII |
| 610 | 2 | 0 | |a BIPAR |
| 610 | 2 | 0 | |a SASP |
| 100 | 1 | |a Majtánová, Anna | |
| 700 | 1 | |a Krátka, Zuzana, 1968- | |
| 700 | 1 | |a Littvová, Zuzana | |
| 700 | 1 | |a Vachálková, Ingrid | |
| 700 | 1 | |a Pinda, Ľudovít, 1958- | |
| 700 | 1 | |a Múdra, Helena | |
| 710 | 2 | |a Ekonomická univerzita v Bratislave. Národohospodárska fakulta | |